| 000 | 00362nam a2200121Ia 4500 | ||
|---|---|---|---|
| 008 | 230907s9999||||xx |||||||||||||| ||und|| | ||
| 082 |
_a891.4394 _bJAV |
||
| 245 | 0 | _aگئے دنوں کے سورج , Gaye dino ky sooraj : | |
| 260 |
_aIlm-O-Irfan Publishers, _bLahore : _c2010 |
||
| 300 | _a280 p. | ||
| 650 |
_aUrdu Literature. Urdu Essays. _9115814 |
||
| 942 | _cBK | ||
| 999 |
_c599679 _d599679 |
||